Occurrence of bacterial blight disease in rubber tree (Hevea brasiliensis) (Record no. 64297)

MARC details
000 -LEADER
fixed length control field 00538nam a2200169Ia 4500
100 ## - MAIN ENTRY--AUTHOR NAME
Personal name Ariharan V N
245 #0 - TITLE STATEMENT
Title Occurrence of bacterial blight disease in rubber tree (Hevea brasiliensis)
260 ## - PUBLICATION, DISTRIBUTION, ETC. (IMPRINT)
Name of publisher International Journal of Pharmaceutical Sciences Review and Research
Year of publication 2015
300 ## - PHYSICAL DESCRIPTION
Number of Pages 67-69
500 ## - GENERAL NOTE
General note Source Year: 2015
650 ## - SUBJECT ADDED ENTRY--TOPICAL TERM
Topical Term Blight disease
650 ## - SUBJECT ADDED ENTRY--TOPICAL TERM
Topical Term Rubber tree
650 ## - SUBJECT ADDED ENTRY--TOPICAL TERM
Topical Term Xanthomonas campestris
856 ## - ELECTRONIC LOCATION AND ACCESS
Uniform Resource Identifier copy of online article
942 ## - ADDED ENTRY ELEMENTS (KOHA)
Koha item type Journals
Holdings
Withdrawn status Lost status Damaged status Not for loan Home library Current library Shelving location Date acquired Serial Enumeration / chronology Koha item type
      Journals RRII Library RRII Library Pathology 01/01/2016 Volume 35, Issue 2 Journals